000 00888nam a2200241 4500
999 _c64225
_d64225
005 20240530110721.0
008 180321s2016 ua a g b 000 0 ara d
017 _a2015/23020
_bمصر. دار الكتب
020 _a9789773804701
040 _aEG-CaGPL
_cEG-CaGPL
082 0 4 _221
_a371.95\
_bو ض
100 0 _aولاء رجب عبدالرحمن
245 1 2 _aالضغوط النفسية للمتفوقين وكيفية مواجهتها /
_cتأليف ولاء رجب عبدالرحمن .
250 _aط.1
260 _aالقاهرة :
_bدار العلوم للنشر والتوزيع،
_c2016 .
300 _a288 ص. ؛
_c24 سم.
650 0 7 _2qrmak
_aالمتفوقون
650 0 7 _2qrmak
_aالمتفوقون
_xضغوط نفسية
650 0 7 _2qrmak
_aالموهوبون
651 _2qrmak
942 _2ddc
_cBK